000 00900cam a2200253 4500
001 179937
003 ES-MaACL
005 20240607104416.0
008 120305s2009 sp | |||||||| | spa d
020 _a978-84-96452-64-0
080 _a821.134.2-14"14"
245 0 0 _aPoesía cortesana
_b: (siglo XV) /
_cRodrigo Manrique, Gómez Manrique, Jorge Manrique ; edición de Vicenç Beltrán.
260 _aMadrid :
_bFundación José Antonio de Castro,
_c2009.
300 _aXLIII, 560 p. ;
_c23 cm.
490 1 _aBiblioteca Castro
650 7 _aPoesías españolas-
_yHasta S.XV.
_9152332
700 1 _aManrique, Rodrigo (
_d1406-1476)
_9149510
700 1 _aManrique, Gómez.
_976097
700 _aManrique, Jorge,
_d1440?-1479
_9178074
700 1 _aBeltrán, Vicenç,
_d1948-
_927350
830 1 _aBiblioteca Castro
_9178957
852 _aES-MaACL
_jL-29800
999 _c179937
_d179937